Statistics for Star Wars Battlefront 2: All Heroes and Villains

Click here to take the quiz!

General Stats

  • This quiz has been taken 116 times
  • The average score is 20 of 22

Answer Stats

HintAnswer% Correct
The Chosen OneAnakin Skywalker
98%
The NobleObi Wan Kenobi
98%
The AggresiveDarth Maul
97%
The HeroicLuke Skywalker
97%
The FearedDarth Vader
95%
The MasterfulYoda
95%
The MenacingEmperor Palpatine
94%
The DaringHan Solo
94%
The RebelliousLeia Organa
93%
The DangerousBoba Fett
92%
The PowerfulCount Dooku
92%
The MightyChewbacca
91%
The CourageousRey
91%
The BraveFinn
90%
The BrutalKylo Ren
89%
The DeviousGeneral Grievous
87%
The CunningLando Calrissian
87%
The ResourcefulBB-8
86%
The RuthlessBossk
83%
The RelentlessCaptain Phasma
80%
The VigilantBB-9E
76%
The ExtraordinaryIden Versio
75%

Score Distribution

Percentile by Number Answered

Percent of People with Each Score

Your Score History

You have not taken this quiz